Natural mineral nanotubes : properties and applications /

Bibliographic Details
Other Authors: Pasbakhsh, Pooria (Editor), Churchman, G. J. (Editor)
Format: Book
Language:English
Published: Oakville, Ontario ; Waretown, New Jersey : Apple Academic Press, [2015]
Subjects:

MARC

Tag First Indicator Second Indicator Subfields
LEADER 00000cam a2200000 i 4500
001 in00003710106
005 20170926151739.0
008 141202t20152015onca b 001 0 eng
010 |a  2014045760 
020 |a 9781771880565  |q (alk. paper) 
020 |a 1771880562  |q (alk. paper) 
020 |z 9781482262254  |q (electronic bk.) 
020 |z 1482262258  |q (electronic bk.) 
035 |a (OCoLC)ocn897352746 
040 |a DLC  |e rda  |c DLC  |d NLC  |d UtOrBLW 
049 |a TXAM 
050 0 0 |a QE369.P49  |b N38 2015 
055 0 |a TA418.9.N35  |b N38 2015 
082 0 0 |a 553.6  |2 23 
245 0 0 |a Natural mineral nanotubes :  |b properties and applications /  |c edited by Pooria Pasbakhsh, PhD, and G. Jock Churchman, PhD. 
264 1 |a Oakville, Ontario ;  |a Waretown, New Jersey :  |b Apple Academic Press,  |c [2015] 
264 4 |c ©2015 
300 |a xxvi, 498 pages :  |b illustrations ;  |c 24 cm. 
336 |a text  |b txt  |2 rdacontent 
337 |a unmediated  |b n  |2 rdamedia 
338 |a volume  |b nc  |2 rdacarrier 
504 |a Includes bibliographical references and index. 
505 0 |a Phyllosilicates used as nanotube substrates in engineered materials: structures, chemistries, and textures / Stephen Guggenheim -- The indentification and nomenclature of halloysite (a historical perspective) / G. Jock Churchman -- The identification and nomenclature of sepiolite and palygorskite (a historical perspective) / Emilio Galâan and Patricia Aparicio -- The identification and nomenclature of chrysotile (a historical perspective) / Saverio Fiore and F. Javier Huertas -- The mineralogy, geology and occurrences of halloysite / John L. Keeling -- The mineralogy, geology and main occurences of sepiolite and playgorskite clays / Emilio Galâan and Manuel Pozo -- The mineralogy, geology and main occurences of chrysotile / Saverio Fiore and F. Javier Huertas -- Polymer nanocomposites reinforced by halloysite nanotubes: a review / Vahdat Vahedi and Pooria Pasbakhsh -- Bionanocomposites of sepiolite and palygorskite and their medical issues / Eduardo Ruiz-Hitzky, Margarita Darder, Francisco M. Fernandes, Bernd Wicklein, Ana C.S. Alcãantara, and Pilar Aranda -- Biopolymer nanocomposites: polylactic acid/halloysite nanotube composites / Rangika T De Silva, Pooria Pasbakhsh, and Kheng Lim Goh -- Halloysite-poly(lactic-co-glycolic acid) nanocomposites for biomedical applications / Mingxian Liu, Peng Ao, Qi Peng, Binghong Luo, and Changren Zhou -- Current research on chitosan-halloysite composites / Kavitha Govindasamy, Pooria Pasbakhsh, and Khen Lim Goh -- Measurement of the elastic modulus of halloysite nanotubes using atomic force microscopy / B. Lecouvet, C. Bailly, and B. Nysten -- Mechanics of halloysite nanotubes / Khen Lim Goh, Rangika De Silva, and Pooria Pasbakhsh -- Functionalization and compatibilization of halloysite nanotubes / Vahdat Vahedi and Pooria Pasbakhsh -- Modification of sepiolite and palygorskite nanotubes and their applications / Gustave Kenne Dedzo and Christian Detellier -- Organopalygorskites prepared from quaternary ammonium compounds and their environmental uses / Binoy Sarkar and Ravi Naidu -- Surface modification of halloysite nanotubes: role of external hydroxyl groups / Vahdat Vahedi, Pooria Pasbakhsh, and Siang-Piao Chai -- Halloysite tubule nanoreactors in industrial and agricultural applications / Elshad Abdullayev and Yuri Lvov -- Some further industrial, environmental and biomedical applications of halloysite nanotubes / B. Lecouvet -- Nanotubular minerals as templates and nanoreactors / Gustave Kenne Dedzo and Christian Detellier -- Medical and health applications of halloysite nanotubes / Elshad Abdullayev -- Medical and health applications of natural mineral nanotubes / Câesar Viseras, Carola Aguzzi, and Pilar Cerezo -- The anti-inflammatory properties of different naturally occurring halloysites / Javiera Cervini-Silva, Antonio Nieto-Camacho and Marâia Teresa Ramâirez-Apâan -- Health effects of carbon nanotubes and some comparisons with natural mineral nanotubes / Marie-Claude Jaurand -- Current trends in research and application of natural mineral nanotubes / G. Jock Churchman and Pooria Pasbakhsh. 
650 0 |a Mineralogy.  |0 http://id.loc.gov/authorities/subjects/sh85085589 
650 0 |a Nanotubes.  |0 http://id.loc.gov/authorities/subjects/sh2001008062 
650 0 |a Nanostructures.  |0 http://id.loc.gov/authorities/subjects/sh91006390 
650 0 |a Halloysite.  |0 http://id.loc.gov/authorities/subjects/sh85058479 
700 1 |a Pasbakhsh, Pooria,  |e editor.  |0 http://id.loc.gov/authorities/names/n2014074349 
700 1 |a Churchman, G. J.,  |e editor.  |0 http://id.loc.gov/authorities/names/n83059856 
945 |b 924660 
947 |a A14850011173 
948 |a cataloged  |b h  |c 2017/1/19  |d c  |e dmitchel  |f 10:50:40 am 
994 |a 92  |b TXA 
999 f f |s 9a083e95-b84c-33af-ba52-9fc23e6ee659  |i 5355021c-e7ea-31d4-84d2-2c87ba32e094  |t 0 
952 f f |p normal  |a Texas A&M University  |b College Station  |c Sterling C. Evans Library  |d Evans: Library Stacks  |t 0  |e QE369.P49 N38 2015  |h Library of Congress classification  |i unmediated -- volume  |m A14850011173 
998 f f |a QE369.P49 N38 2015  |t 0  |l Evans: Library Stacks